Los años Supports Surfaces en las colecciones del Centre Georges Pompidou. (Record no. 15767)

MARC details
000 -LEADER
campo de control de longitud fija 01090nam a2200277 i 4500
001 - NÚMERO DE CONTROL
campo de control 15767
003 - IDENTIFICADOR DE NÚMERO DE CONTROL
campo de control ES-MaACL
005 - FECHA Y HORA DE LA ÚLTIMA TRANSACCIÓN
campo de control 20230906151140.0
007 - CAMPO FIJO DE DESCRIPCIÓN FÍSICA--INFORMACIÓN GENERAL
campo de control de longitud fija t|
008 - DATOS DE LONGITUD FIJA--INFORMACIÓN GENERAL
campo de control de longitud fija 000505s1998 sp ||||0| spa j
020 ## - NÚMERO INTERNACIONAL ESTÁNDAR DEL LIBRO
Número Internacional Estándar del Libro 84-88006-41-1
040 ## - FUENTE DE CATALOGACIÓN
Centro catalogador/agencia de origen M-BN
Lengua de catalogación spa
Centro/agencia transcriptor M-BN
080 ## - NÚMERO DE LA CLASIFICACIÓN DECIMAL UNIVERSAL
Número de la Clasificación Decimal Universal 7 Supports-Surfaces (064.3)
110 2# - ENTRADA PRINCIPAL--NOMBRE DE ENTIDAD CORPORATIVA
Nombre de entidad corporativa o nombre de jurisdicción como elemento de entrada Centre Georges Pompidou.
9 (RLIN) 2555
245 14 - MENCIÓN DEL TÍTULO
Título Los años Supports Surfaces en las colecciones del Centre Georges Pompidou.
260 ## - PUBLICACIÓN, DISTRIBUCIÓN, ETC.
Lugar de publicación, distribución, etc. [Madrid :
Nombre del editor, distribuidor, etc. Centro Cultural del Conde Duque,
Fecha de publicación, distribución, etc. 1998]
300 ## - DESCRIPCIÓN FÍSICA
Extensión 199 p :
Otras características físicas il. col ;
Dimensiones 30 cm.
500 ## - NOTA GENERAL
Nota general Exposición: París, Galerie nationale du Jeu de paume, 18 de mayo-30 de agosto de 1998 ; Madrid, Centro Cultural del Conde Duque, 20 de octubre-8 de diciembre de 1998.
610 27 - PUNTO DE ACCESO ADICIONAL DE MATERIA--NOMBRE DE ENTIDAD CORPORATIVA
Nombre de entidad corporativa o nombre de jurisdicción como elemento de entrada Supports-Surfaces (Grupo artístico)-
Subdivisión de forma Exposiciones.
9 (RLIN) 6895
655 #7 - TERMINO DE INDIZACIÓN--GENERO/FORMA
Fuente del término tgfbne
9 (RLIN) 193628
Datos o término principal de género/forma Catálogos de exposiciones
710 2# - ENTRADA AGREGADA--NOMBRE DE ENTIDAD CORPORATIVA
Nombre de entidad corporativa o nombre de jurisdicción como elemento de entrada Centro Cultural del Conde Duque.
9 (RLIN) 2579
710 2# - ENTRADA AGREGADA--NOMBRE DE ENTIDAD CORPORATIVA
Nombre de entidad corporativa o nombre de jurisdicción como elemento de entrada Galerie nationale du Jeu de paume.
9 (RLIN) 4450
852 ## - LOCALIZACIÓN
Ubicación ES-MaACL
Número de control de estantería L-22978
Sublocalización o colección R.126847
942 ## - ELEMENTOS DE ENTRADA SECUNDARIOS (KOHA)
Fuente del sistema de clasificación o colocación Clasificación decimal universal
Holdings
Estatus retirado Estado de pérdida Estado de daño No para préstamo Biblioteca de origen Biblioteca actual Ubicación en estantería Fecha de adquisición Fuente de adquisición Total de préstamos Signatura topográfica completa Código de barras Visto por última vez Precio de reemplazo Tipo de ítem Koha
        Biblioteca del Ateneo de Madrid Biblioteca del Ateneo de Madrid Depósito 2 17/01/2008     L-22978 1016026 23/02/2023 23/02/2023 Libro impreso